[Event "TBMM Kupasi Prel 2022"]
[Site "Ankara"]
[Date "2022.03.19"]
[Round "5"]
[White "Ozturk Orenli, Kubra"]
[Black "Caglar, Sila"]
[Result "1/2-1/2"]
[WhiteElo "2334"]
[BlackElo "2200"]
[Annotator "TA"]
[PlyCount "61"]
[EventDate "2022.03.17"]
[EventType "tourn"]
[EventCountry "TUR"]
[SourceTitle "playchess.com"]
[Source "ChessBase"]
[SourceQuality "1"]

{[%evp 9,61,-4,26,27,21,18,29,8,14,7,11,7,20,8,16,0,20,22,41,49,61,47,50,53,51,54,54,52,72,33,51,2,9,6,69,71,70,51,51,40,56,56,62,55,61,61,46,43,48,0,8,7,0,0]} 1. d4 d5 2. c4 e6 3. Nf3 Nf6 4. g3 Bb4+ 5. Bd2 Bd6 6. Bg2 {E01: Catalan: Early deviations.} O-O 7. O-O c6 8. b3 {White has an edge.} Ne4 9. Bc3 Nd7 10. Bb2 f5 11. e3 Qf6 {[#]} 12. Nbd2 $146 ({Predecessor:} 12. Nc3 g5 13. Ne2 Qg7 14. Ne1 b6 15. f3 Nef6 16. Nd3 Ba6 17. Rc1 Rac8 18. Rc2 {0-1 (46) Bahr,P (1827)-Weiss,S (1978) Hamburg 2008}) 12... Qh6 13. Ne5 Ndf6 14. Qe2 Bd7 15. f3 Nxd2 16. Qxd2 Be8 17. Rae1 Nd7 18. Nd3 Bf7 19. Bc3 Rfe8 20. e4 (20. Qb2 $14 {feels stronger.}) 20... Qxd2 $11 21. Bxd2 e5 (21... fxe4 $11 22. fxe4 Bg6) 22. cxd5 (22. exf5 dxc4 23. dxe5 Nxe5 $17) 22... fxe4 23. fxe4 {Bh3 is the strong threat.} (23. dxe5 {seems wilder.} exd3 24. exd6 Bxd5 25. Bh3 Re2 26. Rxe2 dxe2 27. Re1) 23... exd4 24. Bh3 Ne5 25. Nxe5 Bxe5 26. dxc6 {White is more active.} bxc6 27. Bd7 {[%csl LRc6,LRe8]} Red8 28. Bxc6 Rac8 29. Rc1 {Strongly threatening Ba5.} (29. Bd5 $5 Bxd5 30. exd5 $11) 29... d3 $1 30. Bd5 Bxd5 31. exd5 {Weighted Error Value: White=0.09 (flawless) /Black=0.12 (very precise)} ({Wrong is} 31. Rxc8 $2 Bd4+ 32. Kg2 (32. Rf2 $2 Rxc8 33. Kg2 Rc2 $19) 32... Bxe4+ 33. Kh3 Rxc8 $19) 1/2-1/2

[Event "TBMM Kupasi Prel 2022"]
[Site "Ankara"]
[Date "2022.03.19"]
[Round "5"]
[White "Okuyaz, Duru"]
[Black "Can, Isik"]
[Result "1/2-1/2"]
[WhiteElo "2094"]
[BlackElo "2426"]
[Annotator "TA"]
[PlyCount "35"]
[EventDate "2022.03.17"]
[EventType "tourn"]
[EventCountry "TUR"]
[SourceTitle "playchess.com"]
[Source "ChessBase"]
[SourceQuality "1"]

{[%evp 32,33,0,0]} 1. e4 e5 2. Nf3 Nc6 3. Bb5 a6 4. Bxc6 dxc6 5. O-O Bg4 6. h3 h5 7. c3 Qd3 8. hxg4 hxg4 9. Nxe5 Bd6 10. Nxd3 Bh2+ 11. Kh1 Bd6+ 12. Kg1 Bh2+ 13. Kh1 Be5+ 14. Kg1 Bh2+ 15. Kh1 Bf4+ 16. Kg1 Bh2+ 17. Kh1 {[#]} {Predecessor:} Bg3+ $146 {C68: Ruy Lopez: Exchange Variation, sidelines.} 18. Kg1 {½-½ (14) Meier,G (2628)-Heimann,A (2599) Dortmund 2021} 1/2-1/2

[Event "TBMM Kupasi Prel 2022"]
[Site "Ankara"]
[Date "2022.03.19"]
[Round "5"]
[White "Aydin, Gulenay"]
[Black "Gurel, Ediz"]
[Result "1/2-1/2"]
[WhiteElo "2069"]
[BlackElo "2380"]
[Annotator "TA"]
[PlyCount "43"]
[EventDate "2022.03.17"]
[EventType "tourn"]
[EventCountry "TUR"]
[SourceTitle "playchess.com"]
[Source "ChessBase"]
[SourceQuality "1"]

{[%evp 16,43,5,0,17,0,91,10,33,0,0,0,0,0,15,7,23,0,20,0,23,38,19,-104,0,-33,27,-102,0,-32]} 1. e4 c5 2. Nf3 e6 3. d3 Nc6 4. g3 g6 5. Bg2 Bg7 6. O-O Nge7 7. Nbd2 O-O 8. Re1 d5 9. e5 Nf5 {A08: King's Indian Attack.} 10. c3 b5 (10... b6 $11) 11. Nf1 {[#]} (11. Nb3 $16) 11... b4 $146 (11... Qc7 $5 {[%cal Rc6e5]}) ({Predecessor:} 11... h6 12. h4 Bb7 13. Bf4 Rc8 14. Qd2 Kh7 15. N1h2 Qe7 16. Ng4 Rfd8 17. Nfh2 Rd7 18. a4 {½-½ (45) Hickman,J (1878)-Conway,P (1895) England 2018}) 12. Bf4 bxc3 13. bxc3 Rb8 14. h4 Ba6 15. N1h2 Qa5 16. Qc2 Qb5 17. Bf1 Qb2 18. Qxb2 Rxb2 19. Bc1 (19. Ng4 $11 {keeps the balance.}) 19... Rbb8 ({Black should try} 19... Rc2 $17 {...h5 is the strong threat.} 20. Bf4 Rb8) 20. Bf4 Rb2 (20... h5 $15) 21. Bc1 (21. Ng4 $11 {remains equal.}) 21... Rbb8 (21... Rc2 $17 {White must now prevent ...h5.} 22. Bf4 Rb8) 22. Bf4 {Weighted Error Value: White=0.51/Black=0.46} 1/2-1/2